| 000 | 01643cam a2200373 i 4500 | ||
|---|---|---|---|
| 999 |
_c3641 _d3641 |
||
| 001 | (Sirsi) a914930 | ||
| 003 | OSt | ||
| 005 | 20240319110215.0 | ||
| 008 | 151230s2015 enka c 001 0 eng d | ||
| 020 |
_a9781409582182 _q(hardcover) : |
||
| 040 |
_aAU@ _beng _cAU@ _dOCLCO _dYVO _dOCLCO _dOCLCF _dOCLCO _dTAE _dKH8 _erda |
||
| 042 | _anbic | ||
| 082 | 0 | _a500 FRI | |
| 100 | 1 |
_aFrith, Alex, _eauthor. |
|
| 245 | 1 | 0 |
_a100 things to know about science / _cwritten by Alex Frith, Minna Lacey, Jerome Martin & Jonathan Melmoth ; illustrated by Frederico Mariani & Jorge Martin. |
| 246 | 3 | _aOne hundred things to know about science. | |
| 260 | _c2015. | ||
| 264 | 1 |
_aLondon : _bUsborne Publishing Ltd, _c2015. |
|
| 300 |
_a127 pages : _bcolor illustrations ; _c25 cm. |
||
| 336 |
_atext _btxt _2rdacontent. |
||
| 336 |
_astill image _bsti _2rdacontent. |
||
| 337 |
_aunmediated _bn _2rdamedia. |
||
| 338 |
_avolume _bnc _2rdacarrier. |
||
| 500 | _aIncludes index. | ||
| 520 | _aScience is a huge topic, but this friendly book breaks it down into bite-sized chunks, making it an accessible introduction for anyone who wants to find out about this fascinating subject. Highly illustrated, in a pictorial, 'infographics' style, with snippets of information about all aspects of science from particle physics to genes and DNA. | ||
| 521 | 1 | _aAges 9-12. | |
| 650 | 0 |
_aScience _vMiscellanea _vJuvenile literature. |
|
| 700 | 1 |
_aLacey, Minna, _eauthor. |
|
| 700 | 1 |
_aMartin, Jerome, _eauthor. |
|
| 700 | 1 |
_aMelmoth, Jonathan, _eauthor. |
|
| 700 | 1 |
_aMariani, Frederico, _eillustrator. |
|
| 700 | 1 |
_aMartin, Jorge, _eillustrator. |
|
| 942 |
_2ddc _cNFIC |
||